| 000 | 00639nam a22001937a 4500 | ||
|---|---|---|---|
| 005 | 20180503104045.0 | ||
| 010 | _aENG-122859 | ||
| 020 |
_a9788183764186 _c825.00 |
||
| 035 | _aEN-106391 | ||
| 037 | _bDBAD/PUB | ||
| 082 | _a486.0071 | ||
| 100 | _aGupta, J.P. | ||
| 245 |
_aA new concept of english teaching / _cby J.P. Gupta |
||
| 260 |
_aNew Delhi _bABD Publishers _c2013 |
||
| 270 |
_a102, Ist Floor, Satyam House, 4327/3, Darya Ganj, _bNew Delhi _e110002 _k011-45652440 _mabdpublishersdelhi@gmail.com |
||
| 300 |
_av, 208p. _c22cm(Hb) _bill. |
||
| 500 | _aIt include and index | ||
| 942 |
_2ddc _cEN _mGUP _h488.0071 |
||
| 999 |
_c151833 _d151833 |
||